000 00712nam a2200289Ia 4500
005 20260324142811.0
008 008 260324s9999 xx 000 0 eng d
020 _a9781003356936
037 _aEBOOK
040 _aCRL
040 _beng
040 _cCRL
041 _2eng
041 _aeng
084 _qCRL
100 _aEugene McLaughlin
_91213290
245 0 _aCommunity, Policing and Accountability
245 4 _bThe Politics of Policing in Manchester in the 1980s
260 _bTaylor and Francis
260 _c1994
365 _a
365 _b145
856 _uhttp://www.taylorfrancis.com/books/9781003356936
942 _cEBOOK
999 _c1817902
_d1817902